00567nam a2200157 a 450000100060000000300090000600800410001502000150005604000280007108200180009911000660011724501050018326000600028830000080034865000530035613645CO-ViMGA141112s2004 ck r 000 u spa d a9589206573 aCO-ViMGAbspacCO-ViMGA04a362.732 C357v aCentro Regional de Formacion de Educadores de Calle. CERFOCAL10aCenso de instituciones que atienden niños y adolescentes en situacion de riesgo social - VENEZUELA aSantafé de Bogotá : bConvenio Andres Bello, c1995 a19714aINSTITUCIONES DE CUIDADOS INFANTILES - VENEZUELA